000 00512nam a2200181Ia 4500
001 23548
005 20260414150944.0
008 260414t2017||||xx |||||||||||||| ||spa||
041 _aESP
082 _a660.2844
_bI99
100 _aIzquierdo Torres, José Felipe
_eAUT
245 0 _aIntroducción a la ingeniería química :
_bproblemas resueltos de balances de materia y energía
260 _c2017
300 _axii, 333 páginas :
_c24 cm.
650 _aTCA
654 _aCII
942 _cLIB
_dJUS
_fJUS
_2ddc
_n
999 _c23548
_d23548